| 000 | 00836nam a2200205 a 4500 | ||
|---|---|---|---|
| 003 | 0 | ||
| 005 | 20250619144458.0 | ||
| 008 | 021121s19uu xx 00 eng d | ||
| 050 |
_aPHS LC 3993 _b.T36 2000 |
||
| 100 | _aTanner, Andre Jay M. Marcelo-. | ||
| 245 |
_aPerceptions of VAT high school members on the gifted program of Southville International School school year 1999-2000 / _cAndre Jay M. Marcelo-Tanner. |
||
| 260 |
_aLas PiƱas City, Philippines : _bSouthville International School and Colleges, _c2000. |
||
| 300 |
_a33 pages : _billustrations ; _c28 cm. |
||
| 504 | _aIncludes bibliographical references. | ||
| 650 |
_aGifted children _xEducation _zPhilippines. |
||
| 650 |
_aGifted programs _zPhilippines. |
||
| 650 |
_aSpecial education _zPhilippines. |
||
| 650 |
_aAcademic enrichment _zPhilippines. |
||
| 942 |
_2lcc _cPASS |
||
| 999 |
_c96317 _d96317 |
||